Cricket: Lowest Individual Career Test Bowling Strike Rate - Statistics

General Stats
  • This quiz has been taken 15 times
  • The average score is 18 of 30
Answer Stats
Country Years Wickets S/R Answer % Correct
SA 2004-2019 439 42.3 Dale Steyn
92%
AUS 2011-2021* 255 49.3 Mitchell Starc
92%
IND 2018-2021* 83 49.0 Jasprit Bumrah
83%
AUS 2011-2021* 164 47.1 Pat Cummins
83%
NZ 2001-2009 87 38.7 Shane Bond
83%
SA 1992-2002 330 47.0 Allan Donald
75%
WI 1977-1987 259 50.8 Joel Garner
75%
SA 2015-2021* 208 41.3 Kagiso Rabada
75%
WI 1978-1991 376 46.7 Malcolm Marshall
75%
NZ 1973-1990 431 50.8 Sir Richard Hadlee
75%
SA 2011-2020 224 50.8 Vernon Philander
75%
PAK 1989-2003 373 43.4 Waqar Younis
75%
ENG 1952-1965 307 49.4 Fred Trueman
67%
WI 1975-1987 249 50.9 Michael Holding
67%
AUS 2007-2015 313 51.1 Mitchell Johnson
67%
ENG 2002-2005 59 47.8 Simon Jones
67%
WI 1977-1982 125 49.3 Colin Croft
50%
PAK 2017-2021* 43 49.0 Hasan Ali
50%
AUS 2011-2021* 81 48.9 James Pattinson
50%
PAK 2005-2010 106 48.7 Mohammad Asif
50%
IND 2013-2021* 180 49.9 Mohammed Shami
50%
PAK 1997-2007 178 45.7 Shoaib Akhtar
50%
AUS 2010-2015 113 50.7 Ryan Harris
42%
ENG 2010-2016 125 51.2 Steven Finn
42%
AUD 2009-2010 50 48.0 Doug Bollinger
33%
PAK 2003-2005 51 50.5 Shabbir Ahmed
33%
ENG 1954-1959 76 45.4 Frank Tyson
25%
WI 2002-2005 51 46.3 Jermaine Lawson
25%
ENG 1997-1999 60 50.4 Dean Headley
17%
AUS 1973-1977 54 49.2 Gary Gilmour
17%
No matching quizzes found
Score Distribution
Percent of People with Each Score
Percentile by Number Answered
Your Score History
You have not taken this quiz